| 000 | 00661cam a2200253 4500 | ||
|---|---|---|---|
| 008 | 090401t1997 xxu||||| |||| 00| 0 eng d | ||
| 020 | _a1854104667 | ||
| 035 | _a(Sirsi) u81736 | ||
| 041 | _aeng | ||
| 050 | _a724.1 | ||
| 100 | _aParissien, Steven | ||
| 245 | 0 | 4 | _aThe Georgian Group book of the Georgian House |
| 250 | _a2nd | ||
| 260 |
_aLondon _bAurum Press _c1997 |
||
| 300 | _a240p. ; 29cm. | ||
| 350 | _a18.95 | ||
| 650 | _aBUILT ENVIRONMENT-BUILDING MAINTENANCE AND REFURBISHMENT | ||
| 650 | _aGEORGIAN HOUSES | ||
| 650 | _aHISTORIC BUILDINGS | ||
| 650 | _aREPAIRS | ||
| 690 | _aBUILT ENVIRONMENT | ||
| 942 | _n0 | ||
| 948 | _c29/10/1997 | ||
| 999 |
_c96743 _d96743 |
||